| 000 | 00625nam a2200193 a 4500 | ||
|---|---|---|---|
| 001 | BRCA_1985 | ||
| 005 | 20190320203627.0 | ||
| 008 | 121005s1945----mx-a---###---#000-0#spa-d | ||
| 050 | 4 |
_aN33 _b.L35 1945 |
|
| 100 | 1 |
_aLapoulide, J. _96086 |
|
| 245 | 1 | 0 |
_aDiccionario gráfico de arte y oficios artísticos _cJ. Lapoulide. |
| 260 |
_aMéxico _bHerrerías _c1945 |
||
| 300 |
_a4 v. _bil. _c28 cm. |
||
| 500 | _aTexto encuadernado y mención en el lomo de Biblioteca FRANZ-MAYER | ||
| 505 | 0 | _aContenido : v.1. A-B. -- v.2. B-E. -- v.3. E-N. -- v.4. O-Z | |
| 650 | 1 | 4 |
_aArte _vDiccionarios _96087 |
| 902 | _aREF | ||
| 942 |
_2lcc _cB |
||
| 999 |
_c1753 _d1753 |
||